[Event "V Torneo A Primavera Vomero"]
[Site "Napoli ITA"]
[Date "2008.04.03"]
[Round "2"]
[White "Supino, Domenico"]
[Black "Improta, Giovanni"]
[Result "1-0"]
[WhiteElo "2053"]
[BlackElo "1900"]
[PlyCount "49"]
[EventDate "2008.03.27"]

1. e4 g6 2. d4 c5 3. Nf3 Bg7 4. c3 cxd4 5. cxd4 Nc6 6. Nc3 d6 7. Be2 Bg4 8. Be3
Nf6 9. O-O O-O 10. h3 Bxf3 11. Bxf3 a6 12. Rc1 Rc8 13. Qd2 Nd7 14. Bg4 e6 15.
d5 exd5 16. Nxd5 f5 17. exf5 gxf5 18. Bg5 Nf6 19. Bxf5 Rb8 20. Rfe1 Qa5 21. b4
Qb5 22. Bd3 Qa4 23. Nxf6+ Bxf6 24. Bxf6 Rxf6 25. Qg5+ 1-0

[Event "V Torneo A Primavera Vomero"]
[Site "Napoli ITA"]
[Date "2008.04.10"]
[Round "3"]
[White "Capozzoli, Silvio"]
[Black "Lombardo, Michele"]
[Result "1/2-1/2"]
[WhiteElo "1984"]
[BlackElo "1995"]
[PlyCount "56"]
[EventDate "2008.03.27"]

1. e4 g6 2. d4 Bg7 3. Nf3 c6 4. Be2 d5 5. exd5 cxd5 6. O-O Bg4 7. h3 Bxf3 8.
Bxf3 e6 9. c4 Ne7 10. cxd5 Nxd5 11. Qb3 Nc6 12. Bxd5 Qxd5 13. Qxd5 exd5 14. Nc3
O-O-O 15. Bg5 f6 16. Be3 f5 17. Rac1 Bxd4 18. Bxd4 Nxd4 19. Nxd5+ Kb8 20. Nc3
Rhe8 21. Rfe1 f4 22. Rxe8 Rxe8 23. Kf1 Nf5 24. Re1 Rxe1+ 25. Kxe1 Nh4 26. Kf1
Kc8 27. Nb5 g5 28. g3 Ng6 1/2-1/2

[Event "V Torneo A Primavera Vomero"]
[Site "Napoli ITA"]
[Date "2008.04.10"]
[Round "3"]
[White "Chiummo, Sergio"]
[Black "Pinto, Gaetano"]
[Result "1-0"]
[WhiteElo "1926"]
[BlackElo "2061"]
[PlyCount "117"]
[EventDate "2008.03.27"]

1. c4 c6 2. Nf3 d5 3. e3 e6 4. b3 Nd7 5. Bb2 Ngf6 6. Nc3 Bd6 7. d4 b6 8. Bd3
Bb7 9. e4 Nxe4 10. Nxe4 dxe4 11. Bxe4 Nf6 12. Bc2 O-O 13. O-O Qe7 14. Ne5 c5
15. Qe2 Rfe8 16. Rad1 Rad8 17. Rfe1 cxd4 18. Rxd4 Bc5 19. Rxd8 Rxd8 20. Nd3 Bd6
21. Rd1 Qc7 22. Bxf6 Bxh2+ 23. Kf1 gxf6 24. Qg4+ Kf8 25. g3 Qc6 26. Ke2 Ke7 27.
Ne5 Qg2 28. Rxd8 Kxd8 29. Qd4+ Bd5 30. Nxf7+ Ke7 31. cxd5 Kxf7 32. dxe6+ Kxe6
33. Qe4+ Qxe4+ 34. Bxe4 h5 35. Kf1 Ke5 36. Bf3 h4 37. Kg2 hxg3 38. fxg3 Bxg3
39. Kxg3 b5 40. a4 bxa4 41. bxa4 Kf5 42. Bc6 Kg5 43. Kf3 Kf5 44. Ke3 Ke5 45.
Bb5 Kd5 46. Kf4 Ke6 47. Ke4 Ke7 48. Kd5 Kd8 49. Kd6 Kc8 50. Bd7+ Kb8 51. Ke6
Kc7 52. Bb5 Kb6 53. Kxf6 Ka5 54. Ke6 Kb6 55. Kd6 Kb7 56. Kc5 Kc7 57. Bc6 Kb8
58. Kb5 Kc7 59. Bf3 1-0

[Event "V Torneo A Primavera Vomero"]
[Site "Napoli ITA"]
[Date "2008.04.10"]
[Round "3"]
[White "De Rosa, Francesco"]
[Black "Della Ragione, Achille"]
[Result "0-1"]
[WhiteElo "1935"]
[BlackElo "1996"]
[PlyCount "82"]
[EventDate "2008.03.27"]

1. d4 d5 2. c4 c6 3. Nf3 Nf6 4. Nc3 g6 5. Bg5 Bg7 6. e3 O-O 7. Bd3 Nbd7 8. cxd5
cxd5 9. O-O Nb6 10. Qb3 h6 11. Bxf6 Bxf6 12. a4 e6 13. a5 Nd7 14. Rfd1 b6 15.
a6 Nb8 16. e4 Nc6 17. exd5 Nxd4 18. Nxd4 Bxd4 19. dxe6 Bxe6 20. Bc4 Bxf2+ 21.
Kh1 Bxc4 22. Qxc4 Qh4 23. Qe2 Rae8 24. Qf3 Bc5 25. Nd5 Re6 26. g3 Qg5 27. h4
Qe5 28. b4 Bd6 29. Ra3 Kg7 30. Re3 Qb2 31. Rde1 Rxe3 32. Rxe3 Rc8 33. Rc3 Re8
34. Qf6+ Kg8 35. Re3 Be5 36. Rxe5 Qxe5 37. Qxe5 Rxe5 38. Nf6+ Kg7 39. Nd7 Rb5
40. Nb8 Rxb4 41. Nc6 Ra4 0-1

[Event "V Torneo A Primavera Vomero"]
[Site "Napoli ITA"]
[Date "2008.04.10"]
[Round "3"]
[White "Di Giulio, Massimo"]
[Black "Longobardi, Giuseppe"]
[Result "0-1"]
[WhiteElo "2011"]
[BlackElo "1976"]
[PlyCount "58"]
[EventDate "2008.03.27"]

1. b3 d5 2. Bb2 c5 3. e3 Nc6 4. Nf3 a6 5. Be2 Nf6 6. O-O Bf5 7. Nh4 Bd7 8. f4
e6 9. Nf3 g6 10. g4 Bg7 11. g5 Nh5 12. Nc3 h6 13. a3 Qe7 14. Ne5 Nxe5 15. Bxh5
gxh5 16. Na4 Bxa4 17. bxa4 Nf3+ 18. Qxf3 Bxb2 19. Rab1 Bg7 20. c4 Rd8 21. e4
Bd4+ 22. Kh1 dxc4 23. e5 Qd7 24. Qxh5 Qd5+ 25. Rf3 Ke7 26. gxh6 Rxh6 27. Qg5+
Kd7 28. Rbf1 Rdh8 29. Qg3 Rg6 0-1

[Event "V Torneo A Primavera Vomero"]
[Site "Napoli ITA"]
[Date "2008.04.10"]
[Round "3"]
[White "Ficco, Corrado"]
[Black "Rosato, Luciano"]
[Result "1/2-1/2"]
[WhiteElo "2155"]
[BlackElo "2206"]
[PlyCount "59"]
[EventDate "2008.03.27"]

1. e4 c5 2. Nf3 Nf6 3. e5 Nd5 4. Nc3 Nb4 5. Ne4 d6 6. c3 N4c6 7. exd6 exd6 8.
Bb5 d5 9. Ng3 a6 10. Bxc6+ Nxc6 11. O-O Be7 12. d4 b6 13. Be3 O-O 14. Qd2 c4
15. Ne5 Nb8 16. h3 f6 17. Ng4 Bd6 18. Bf4 Ra7 19. Rfe1 Re7 20. Bxd6 Rxe1+ 21.
Rxe1 Qxd6 22. Qe2 Nc6 23. Qf3 g6 24. Nf1 Bxg4 25. Qxg4 f5 26. Qf3 Kf7 27. Ne3
Re8 28. Kf1 Re4 29. g3 Ne7 30. Ng4 1/2-1/2

[Event "V Torneo A Primavera Vomero"]
[Site "Napoli ITA"]
[Date "2008.04.10"]
[Round "3"]
[White "Gallo, Thomas Renato"]
[Black "Cosenza, Gianni"]
[Result "1/2-1/2"]
[WhiteElo "1885"]
[BlackElo "2018"]
[PlyCount "84"]
[EventDate "2008.03.27"]

1. d4 d5 2. c4 c6 3. cxd5 cxd5 4. Nc3 Nc6 5. Nf3 Nf6 6. e3 Bf5 7. Bd3 Bxd3 8.
Qxd3 e6 9. O-O Be7 10. a3 a5 11. Bd2 O-O 12. Rac1 Nd7 13. e4 dxe4 14. Nxe4 Nf6
15. Nc3 h6 16. Rfd1 Nd5 17. Ne4 Nf6 18. Bc3 Qd5 19. Ned2 Rfd8 20. Qc4 a4 21.
Qe2 b5 22. Nf1 Rab8 23. Ne3 Qe4 24. Qc2 Rbc8 25. Qxe4 Nxe4 26. Be1 Bf6 27. d5
exd5 28. Rxd5 Rxd5 29. Nxd5 Bd8 30. Ne5 Na7 31. Rxc8 Nxc8 32. Nc6 Bb6 33. Nxb6
Nxb6 34. f3 Nd6 35. Bc3 Nd5 36. Bd4 f6 37. Na7 Nc7 38. Kf2 Kf7 39. Ke2 Ke6 40.
Kd3 Kd5 41. Bc3 Ne6 42. g3 Nc5+ 1/2-1/2

[Event "V Torneo A Primavera Vomero"]
[Site "Napoli ITA"]
[Date "2008.04.10"]
[Round "3"]
[White "Improta, Giovanni"]
[Black "Caiazzo, Diego"]
[Result "1/2-1/2"]
[WhiteElo "1900"]
[BlackElo "2060"]
[PlyCount "135"]
[EventDate "2008.03.27"]

1. d4 Nf6 2. Nd2 d5 3. Ngf3 e6 4. Ne5 Be7 5. g3 Nbd7 6. Bg2 c5 7. c3 Nxe5 8.
dxe5 Nd7 9. f4 Nb6 10. O-O Bd7 11. Nf3 Bc6 12. Qc2 Qc7 13. a4 a5 14. b3 O-O 15.
Be3 h6 16. f5 exf5 17. Qxf5 Qd7 18. Qh5 Qe6 19. Bh3 Qg6 20. Qxg6 fxg6 21. Nh4
Kh7 22. Nf3 Nd7 23. e6 Nf6 24. Ne5 Rad8 25. Nf7 Rde8 26. Bf4 c4 27. Ne5 Bc5+
28. Kh1 g5 29. Bf5+ Kg8 30. Bd2 Ne4 31. Bxe4 dxe4 32. Nxc6 bxc6 33. b4 Bb6 34.
bxa5 Bxa5 35. Rxf8+ Rxf8 36. Be3 Re8 37. Bd4 Rxe6 38. Rb1 c5 39. Rb8+ Kh7 40.
Be3 Bxc3 41. Bxc5 Ra6 42. Re8 Rxa4 43. Rxe4 Bf6 44. Kg2 Ra2 45. Rxc4 Rxe2+ 46.
Bf2 h5 47. Kf3 Ra2 48. h3 Ra3+ 49. Be3 Ra1 50. Rc5 Kg6 51. Rd5 Rf1+ 52. Kg2 Rf5
53. Rd3 Rb5 54. Kf3 Rb4 55. Bd2 g4+ 56. hxg4 Rxg4 57. Rd5 Rd4 58. Rxd4 Bxd4 59.
Kf4 Kf6 60. g4 Be5+ 61. Kf3 h4 62. Be1 g5 63. Ba5 h3 64. Bb6 h2 65. Kg2 Bf4 66.
Bd8+ Kg6 67. Kh1 Bd6 68. Kg2 1/2-1/2

[Event "V Torneo A Primavera Vomero"]
[Site "Napoli ITA"]
[Date "2008.04.10"]
[Round "3"]
[White "Iodice, Fabio"]
[Black "Ricci, Giuseppe"]
[Result "1/2-1/2"]
[WhiteElo "1975"]
[BlackElo "1935"]
[PlyCount "114"]
[EventDate "2008.03.27"]

1. Nf3 d5 2. b3 Nf6 3. Bb2 e6 4. g3 c5 5. Bg2 Nc6 6. O-O Be7 7. e3 O-O 8. d4
cxd4 9. Nxd4 Bd7 10. Nxc6 Bxc6 11. Nd2 Qc7 12. c4 Rfd8 13. cxd5 Nxd5 14. Qe2
Nb4 15. Bxc6 Qxc6 16. Nf3 Nd3 17. Ne5 Nxe5 18. Bxe5 Qe4 19. Qb2 Rac8 20. Rac1
f6 21. Bd4 b6 22. Rxc8 Rxc8 23. Rc1 Rxc1+ 24. Qxc1 Kf7 25. Bb2 Bc5 26. Ba3 Qd5
27. Bxc5 Qxc5 28. Qxc5 bxc5 29. Kf1 Ke7 30. Ke2 Kd6 31. Kd3 h5 32. Kc4 a6 33.
a3 g5 34. f4 g4 35. e4 f5 36. exf5 exf5 37. b4 cxb4 38. Kxb4 Kd5 39. Ka5 Ke4
40. Kxa6 Kf3 41. Kb5 Kg2 42. a4 Kxh2 43. a5 h4 44. gxh4 g3 45. a6 g2 46. a7
g1=Q 47. a8=Q Qf1+ 48. Kc5 Qf2+ 49. Kb5 Qxh4 50. Qf3 Qg3 51. Qh5+ Qh3 52. Qg5
Qd3+ 53. Kc5 Kh3 54. Kc6 Kh2 55. Kc5 Qd2 56. Kc6 Qg2+ 57. Kd6 Qe4 1/2-1/2

[Event "V Torneo A Primavera Vomero"]
[Site "Napoli ITA"]
[Date "2008.04.17"]
[Round "4"]
[White "Cosenza, Gianni"]
[Black "Improta, Giovanni"]
[Result "1/2-1/2"]
[WhiteElo "2018"]
[BlackElo "1900"]
[PlyCount "89"]
[EventDate "2008.03.27"]

1. e4 Nf6 2. e5 Nd5 3. d4 d6 4. Nf3 Bg4 5. Qd3 Nc6 6. Qe4 Bxf3 7. gxf3 e6 8. c4
f5 9. exf6 Nxf6 10. Qxe6+ Qe7 11. Qxe7+ Bxe7 12. Be3 Nb4 13. Kd2 O-O 14. Nc3
Nh5 15. a3 Nc6 16. Nd5 Bh4 17. Bh3 Na5 18. Kc3 c5 19. Bg4 Nf6 20. Nc7 Nxg4 21.
Nxa8 Nxe3 22. fxe3 cxd4+ 23. exd4 Rxa8 24. b3 Bf6 25. Rad1 Re8 26. Rd3 Nc6 27.
h4 Nxd4 28. Kd2 Re2+ 29. Kd1 Ra2 30. Re1 Rxa3 31. Re4 Rxb3 32. Rexd4 Bxd4 33.
Rxb3 b6 34. Kc2 Kf7 35. Kd3 Bc5 36. Rb2 a5 37. Rg2 a4 38. Kc3 Kf6 39. h5 g6 40.
hxg6 hxg6 41. Rg4 Kf5 42. Kb2 g5 43. Ka2 Kf6 44. Kb2 Kf5 45. Ka2 1/2-1/2

[Event "V Torneo A Primavera Vomero"]
[Site "Napoli ITA"]
[Date "2008.04.17"]
[Round "4"]
[White "Gallo, Thomas Renato"]
[Black "De Rosa, Francesco"]
[Result "0-1"]
[WhiteElo "1885"]
[BlackElo "1935"]
[PlyCount "94"]
[EventDate "2008.03.27"]

1. d4 d5 2. c4 c6 3. Nf3 Nf6 4. Nc3 dxc4 5. a4 Bf5 6. Ne5 e6 7. Nxc4 Na6 8. f3
Bb4 9. e4 Nxe4 10. fxe4 Qh4+ 11. g3 Qxe4+ 12. Ne3 Qxh1 13. Nxf5 exf5 14. Qe2+
Qe4 15. Bd2 Qxe2+ 16. Bxe2 Nc7 17. Bd3 g6 18. Kf2 O-O 19. Bc4 Rad8 20. Bf4 Rxd4
21. Bb3 Ne6 22. Be3 Bxc3 23. bxc3 Rd3 24. Rc1 Re8 25. Rc2 b6 26. Bc4 Rd6 27.
Rb2 c5 28. h4 Kg7 29. Be2 f6 30. Kf3 g5 31. Bb5 Re7 32. Rf2 h6 33. Bc1 Nc7 34.
Bc4 Rd1 35. Bb2 Re4 36. Bb3 Rde1 37. Bc2 g4+ 38. Kg2 R4e2 39. Bxf5 h5 40. c4
Rxf2+ 41. Kxf2 Rd1 42. Ke3 Kf7 43. Bc3 Rc1 44. Kd2 Rg1 45. a5 Rxg3 46. axb6
axb6 47. Kc2 Ne6 0-1

[Event "V Torneo A Primavera Vomero"]
[Site "Napoli ITA"]
[Date "2008.04.17"]
[Round "4"]
[White "Lombardo, Michele"]
[Black "Iodice, Fabio"]
[Result "1/2-1/2"]
[WhiteElo "1995"]
[BlackElo "1975"]
[PlyCount "65"]
[EventDate "2008.03.27"]

1. e4 c6 2. d4 d5 3. Nc3 dxe4 4. Nxe4 Bf5 5. Ng3 Bg6 6. Nf3 Nd7 7. Nh4 Ngf6 8.
Nxg6 hxg6 9. Bd3 e6 10. Bf4 Nd5 11. Bd2 Bd6 12. O-O Qh4 13. h3 Bxg3 14. fxg3
Qxd4+ 15. Kh2 Ne5 16. Be2 O-O-O 17. Qc1 Rd7 18. c4 Nf6 19. Bc3 Qe4 20. Bf3
Nxf3+ 21. Rxf3 Qxc4 22. Bxf6 Qxc1 23. Rxc1 gxf6 24. Rxf6 Rh5 25. g4 Rh7 26. Rc2
Kc7 27. Kg3 Kd6 28. Rd2+ Ke7 29. Rxd7+ Kxd7 30. Kf4 Ke7 31. Kg5 Rh8 32. Rf2 Rd8
33. Kh6 1/2-1/2

[Event "V Torneo A Primavera Vomero"]
[Site "Napoli ITA"]
[Date "2008.04.17"]
[Round "4"]
[White "Longobardi, Giuseppe"]
[Black "Caiazzo, Diego"]
[Result "1-0"]
[WhiteElo "1976"]
[BlackElo "2060"]
[PlyCount "107"]
[EventDate "2008.03.27"]

1. c4 e6 2. g3 Nf6 3. Bg2 d5 4. d4 Be7 5. Nc3 O-O 6. Nf3 c6 7. Qb3 Qb6 8. Qxb6
axb6 9. cxd5 exd5 10. O-O h6 11. Bf4 Bf5 12. Ne5 Nbd7 13. f3 Nxe5 14. Bxe5 Nd7
15. Bf4 Nf6 16. e4 Be6 17. Be5 Rfe8 18. Bc7 Bd8 19. Bxd8 Rexd8 20. e5 Nd7 21.
f4 Bf5 22. a3 b5 23. Rae1 Nb6 24. Rf2 Nc4 25. Nd1 Re8 26. Ne3 Nxe3 27. Rxe3 Ra4
28. Rd2 Rea8 29. Rb3 Rc4 30. Kf2 Raa4 31. Ke3 Bc2 32. Rb4 Raxb4 33. axb4 Bf5
34. Bf3 Rxb4 35. g4 Bc8 36. f5 Kf8 37. h4 h5 38. Rg2 hxg4 39. Bxg4 Rb3+ 40. Kf4
Rd3 41. e6 Rxd4+ 42. Ke5 Ra4 43. Kd6 fxe6 44. fxe6 Bxe6 45. Rf2+ Ke8 46. Bxe6
Rxh4 47. Rf7 g5 48. Rg7 Rh8 49. Rxb7 Kf8 50. Rb8+ Kg7 51. Rxh8 Kxh8 52. Kxc6 d4
53. Kxb5 d3 54. Bg4 1-0

[Event "V Torneo A Primavera Vomero"]
[Site "Napoli ITA"]
[Date "2008.04.17"]
[Round "4"]
[White "Pinto, Gaetano"]
[Black "Capozzoli, Silvio"]
[Result "1/2-1/2"]
[WhiteElo "2061"]
[BlackElo "1984"]
[PlyCount "36"]
[EventDate "2008.03.27"]

1. d4 Nf6 2. Nf3 d5 3. e3 Nc6 4. c4 Bg4 5. Nc3 e6 6. Be2 Be7 7. O-O O-O 8. a3
dxc4 9. Qa4 Nd5 10. Qxc4 Nb6 11. Qa2 a5 12. b3 Bf6 13. Ne4 Be7 14. Ng3 Nd5 15.
Bb2 Bd6 16. Ne4 Be7 17. Ng3 Bd6 18. Ne4 Be7 1/2-1/2

[Event "V Torneo A Primavera Vomero"]
[Site "Napoli ITA"]
[Date "2008.04.17"]
[Round "4"]
[White "Ricci, Giuseppe"]
[Black "Di Giulio, Massimo"]
[Result "1-0"]
[WhiteElo "1935"]
[BlackElo "2011"]
[PlyCount "47"]
[EventDate "2008.03.27"]

1. e4 c5 2. Nf3 d6 3. d4 cxd4 4. Nxd4 Nf6 5. Nc3 g6 6. f3 Bg7 7. Be3 O-O 8. Qd2
Nc6 9. Bc4 Bd7 10. O-O-O Qa5 11. Nb3 Qc7 12. Bh6 Rfc8 13. Bxg7 Kxg7 14. g4 Ne5
15. Be2 Be6 16. h4 Nc4 17. Bxc4 Qxc4 18. h5 b5 19. hxg6 fxg6 20. Qh6+ Kg8 21.
Rd4 Qc6 22. g5 Nd7 23. Qxh7+ Kf8 24. Qxg6 1-0

[Event "V Torneo A Primavera Vomero"]
[Site "Napoli ITA"]
[Date "2008.04.17"]
[Round "4"]
[White "Rosato, Luciano"]
[Black "Chiummo, Sergio"]
[Result "1-0"]
[WhiteElo "2206"]
[BlackElo "1926"]
[PlyCount "39"]
[EventDate "2008.03.27"]

1. d4 Nf6 2. Nf3 e6 3. c3 d5 4. Bg5 Be7 5. e3 Nbd7 6. Bd3 c5 7. Nbd2 Qc7 8. O-O
c4 9. Bc2 Bd6 10. e4 dxe4 11. Nxe4 Nxe4 12. Bxe4 f6 13. Bh4 Nb6 14. Bg3 Bxg3
15. hxg3 Bd7 16. Nd2 Bc6 17. Qh5+ Qf7 18. Bxc6+ bxc6 19. Qc5 Rc8 20. Ne4 1-0

[Event "V Torneo A Primavera Vomero"]
[Site "Napoli ITA"]
[Date "2008.05.01"]
[Round "5"]
[White "Caiazzo, Diego"]
[Black "Pinto, Gaetano"]
[Result "0-1"]
[WhiteElo "2060"]
[BlackElo "2061"]
[PlyCount "114"]
[EventDate "2008.03.27"]

1. d4 e6 2. e4 d5 3. exd5 exd5 4. Bd3 Bd6 5. Nf3 Nf6 6. O-O O-O 7. Re1 Bg4 8.
Bg5 Nbd7 9. c3 c6 10. Nbd2 Qc7 11. Qc2 Rfe8 12. Bh4 Bh5 13. Bg3 Bxg3 14. hxg3
Bg6 15. Bxg6 hxg6 16. Kf1 Kf8 17. a3 Rxe1+ 18. Rxe1 Re8 19. Rxe8+ Kxe8 20. Qd1
Qd6 21. Qe2+ Qe7 22. Ng5 Qxe2+ 23. Kxe2 Ke7 24. Kd3 Ne8 25. b3 Nd6 26. a4 Nf6
27. Ngf3 Nfe4 28. c4 Nxf2+ 29. Ke2 dxc4 30. Nxc4 Nxc4 31. Kxf2 Nd6 32. g4 f6
33. Ke2 Ke6 34. Kd3 g5 35. Nd2 Kd5 36. Nf1 g6 37. Ne3+ Ke6 38. Nc4 Kd5 39. Ne3+
Ke6 40. Nc4 Nxc4 41. bxc4 f5 42. a5 Kd7 43. Kc3 Kd6 44. Kd3 b6 45. axb6 axb6
46. Kc3 Ke6 47. Kd3 Kf6 48. Kc3 fxg4 49. g3 Kf5 50. Kd3 b5 51. Kc3 Ke4 52. cxb5
cxb5 53. Kb4 Kxd4 54. Kxb5 Ke3 55. Kc4 Kf3 56. Kd3 Kxg3 57. Ke3 Kh2 0-1

[Event "V Torneo A Primavera Vomero"]
[Site "Napoli ITA"]
[Date "2008.05.01"]
[Round "5"]
[White "De Rosa, Francesco"]
[Black "Ricci, Giuseppe"]
[Result "1-0"]
[WhiteElo "1935"]
[BlackElo "1935"]
[PlyCount "55"]
[EventDate "2008.03.27"]

1. e4 c5 2. Nf3 d6 3. d4 cxd4 4. Nxd4 Nf6 5. Nc3 a6 6. Be2 e5 7. Nb3 Be6 8. Be3
b5 9. f3 Be7 10. Qd2 O-O 11. O-O-O Nc6 12. Nd5 Bxd5 13. exd5 Nb8 14. g4 Qc7 15.
g5 Nh5 16. Rhg1 Rc8 17. Bd3 Bd8 18. Kb1 g6 19. Nc1 Nd7 20. Ne2 Nc5 21. Ng3 Nxd3
22. Nxh5 gxh5 23. Qxd3 Qc4 24. Qf5 Qh4 25. g6 Bf6 26. gxf7+ Kh8 27. Rg5 Bxg5
28. Bxg5 1-0

[Event "V Torneo A Primavera Vomero"]
[Site "Napoli ITA"]
[Date "2008.05.01"]
[Round "5"]
[White "Improta, Giovanni"]
[Black "Longobardi, Giuseppe"]
[Result "0-1"]
[WhiteElo "1900"]
[BlackElo "1976"]
[PlyCount "62"]
[EventDate "2008.03.27"]

1. d4 Nf6 2. Nf3 e6 3. e3 b6 4. Be2 Bb7 5. c3 Be7 6. Nbd2 Ne4 7. Qc2 f5 8. Nxe4
Bxe4 9. Bd3 Bxd3 10. Qxd3 d5 11. Bd2 Nd7 12. h4 c5 13. h5 c4 14. Qc2 b5 15. a4
a6 16. Ke2 Nb6 17. axb5 axb5 18. Ne5 O-O 19. Rag1 Qc7 20. f4 Nd7 21. Nf3 Nf6
22. Be1 Ra2 23. Bf2 b4 24. h6 Ne4 25. cxb4 c3 26. Rb1 Qc4+ 27. Kd1 Rfa8 28. Be1
Rxb2 29. Rxb2 cxb2 30. Qxb2 Ra2 31. Qc1 Qe2# 0-1

[Event "V Torneo A Primavera Vomero"]
[Site "Napoli ITA"]
[Date "2008.05.01"]
[Round "5"]
[White "Iodice, Fabio"]
[Black "Chiummo, Sergio"]
[Result "1/2-1/2"]
[WhiteElo "1975"]
[BlackElo "1926"]
[PlyCount "32"]
[EventDate "2008.03.27"]

1. Nf3 Nf6 2. c4 c5 3. g3 g6 4. b3 Bg7 5. Bb2 Nc6 6. Bg2 d6 7. O-O Qc7 8. Nc3
e6 9. Ne4 Qe7 10. e3 e5 11. Nxf6+ Bxf6 12. d4 O-O 13. dxe5 dxe5 14. Qe2 Bg4 15.
h3 Be6 16. Rfd1 Rad8 1/2-1/2

[Event "V Torneo A Primavera Vomero"]
[Site "Napoli ITA"]
[Date "2008.05.01"]
[Round "5"]
[White "Rosato, Luciano"]
[Black "Della Ragione, Achille"]
[Result "1-0"]
[WhiteElo "2206"]
[BlackElo "1996"]
[PlyCount "111"]
[EventDate "2008.03.27"]

1. Nf3 c5 2. g3 d5 3. Bg2 Nc6 4. O-O e5 5. d3 f5 6. c4 dxc4 7. Qa4 cxd3 8. Nxe5
Bd7 9. Nxc6 Bxc6 10. Bxc6+ bxc6 11. Qxc6+ Kf7 12. exd3 Rc8 13. Qa6 Qd7 14. Nc3
Nf6 15. Re1 Bd6 16. Qc4+ Kg6 17. Ne2 h5 18. Qh4 Rce8 19. Bf4 Be7 20. Bg5 Kf7
21. Qc4+ Kg6 22. Bxf6 Bxf6 23. Qxc5 h4 24. Nf4+ Kh7 25. Re6 Rxe6 26. Qxf5+ Kg8
27. Qxe6+ Qxe6 28. Nxe6 hxg3 29. hxg3 Kf7 30. Nf4 Rb8 31. Rb1 Rxb2 32. Rxb2
Bxb2 33. Kf1 g5 34. Nh3 Kf6 35. g4 Bc1 36. Ke2 Ke5 37. Kd1 Bf4 38. Nxf4 Kxf4
39. Ke2 Kxg4 40. Ke3 Kf5 41. f3 Ke5 42. d4+ Kf5 43. Kd3 Kf4 44. d5 Ke5 45. Kc4
Kd6 46. Kd4 Kd7 47. Ke5 Ke7 48. Kf5 Kd6 49. Kxg5 Kxd5 50. f4 Ke6 51. Kg6 Ke7
52. f5 Kf8 53. Kf6 a6 54. a3 a5 55. a4 Ke8 56. Kg7 1-0

[Event "V Torneo A Primavera Vomero"]
[Site "Napoli ITA"]
[Date "2008.05.01"]
[Round "5"]
[White "Schiappoli, Dario"]
[Black "Di Giulio, Massimo"]
[Result "1-0"]
[WhiteElo "1931"]
[BlackElo "2011"]
[PlyCount "87"]
[EventDate "2008.03.27"]

1. e4 c5 2. Nf3 d6 3. d4 cxd4 4. Nxd4 Nf6 5. Nc3 g6 6. Be3 Bg7 7. f3 O-O 8. Qd2
Nc6 9. O-O-O Nxd4 10. Bxd4 Be6 11. g4 Qa5 12. g5 Nh5 13. Bxg7 Kxg7 14. f4 Bxa2
15. Be2 Rac8 16. Bxh5 gxh5 17. f5 Bc4 18. Qd4+ f6 19. Rhg1 Qe5 20. gxf6+ Kxf6
21. Qe3 Rg8 22. Qh6+ Kf7 23. Qxh5+ Kf8 24. Qxh7 Rh8 25. Qg6 Bf7 26. Qg3 Rxh2
27. Qxe5 dxe5 28. Rd7 b5 29. Rgd1 Be8 30. R7d2 Rh4 31. Rd8 Rc4 32. Nxb5 Rhxe4
33. Rh1 a6 34. Nd6 exd6 35. Rh8+ Kf7 36. Rhxe8 Kf6 37. Rf8+ Kg5 38. Rxd6 Re1+
39. Kd2 Rce4 40. f6 R1e2+ 41. Kc3 Rf4 42. Rg8+ Kh5 43. Rd1 Re3+ 44. Kd2 1-0

[Event "V Torneo A Primavera Vomero"]
[Site "Napoli ITA"]
[Date "2008.05.01"]
[Round "5"]
[White "Supino, Domenico"]
[Black "Cosenza, Gianni"]
[Result "1-0"]
[WhiteElo "2053"]
[BlackElo "2018"]
[PlyCount "97"]
[EventDate "2008.03.27"]

1. e4 e6 2. d3 d5 3. Nd2 Bd6 4. Ngf3 Nc6 5. g3 Nge7 6. Bg2 O-O 7. O-O f6 8. c3
Kh8 9. h4 a5 10. Re1 e5 11. Nf1 Bc5 12. Qc2 Bb6 13. Be3 d4 14. Bd2 Be6 15. N1h2
Qd7 16. cxd4 exd4 17. a3 Ng6 18. h5 Nge5 19. Nh4 Qf7 20. f4 Bb3 21. Qb1 Nd7 22.
g4 Nc5 23. N2f3 Be6 24. b4 axb4 25. f5 Bd7 26. Kf2 Kg8 27. Ng6 Rfe8 28. e5 hxg6
29. e6 Bxe6 30. hxg6 Qd7 31. fxe6 Rxe6 32. Rxe6 Qxe6 33. axb4 Rxa1 34. Qxa1
Nxd3+ 35. Kf1 Qe8 36. Nh4 Ndxb4 37. Qa4 Bc5 38. Bxc6 Nxc6 39. Qc4+ Kh8 40. Qxc5
d3 41. Qh5+ Kg8 42. Qh7+ Kf8 43. Qh8+ Ke7 44. Qxg7+ Kd6 45. Qxf6+ Kc5 46. Qf5+
Ne5 47. Nf3 Kd6 48. Nxe5 Qxe5 49. Bf4 1-0

[Event "V Torneo A Primavera Vomero"]
[Site "Napoli ITA"]
[Date "2008.05.08"]
[Round "6"]
[White "Chiummo, Sergio"]
[Black "Lombardo, Michele"]
[Result "0-1"]
[WhiteElo "1926"]
[BlackElo "1995"]
[PlyCount "106"]
[EventDate "2008.03.27"]

1. c4 g6 2. Nc3 Bg7 3. g3 c5 4. Bg2 Nf6 5. e4 Nc6 6. Nge2 d6 7. d3 O-O 8. O-O
Rb8 9. a3 a6 10. Rb1 b5 11. b3 Bd7 12. Be3 Ng4 13. Qd2 Nxe3 14. fxe3 Qa5 15. b4
Qxa3 16. Ra1 Qxa1 17. Rxa1 cxb4 18. Rxa6 bxc3 19. Nxc3 bxc4 20. d4 e6 21. Bf1
Rb4 22. Bg2 Rfb8 23. Ra2 Bh6 24. e5 dxe5 25. dxe5 Nxe5 26. Ra8 Rxa8 27. Bxa8
Nd3 28. Nd1 Rb1 29. Kg2 Ba4 30. Qa2 Rb4 31. Be4 Bxd1 32. Bxd3 cxd3 33. Qd2 Rb1
34. Qxd3 Rb2+ 35. Kh3 Be2 36. Qd8+ Bf8 37. g4 h5 38. g5 Bg4+ 39. Kg3 Re2 40.
Qd4 Bg7 41. Qf4 e5 42. Qe4 Kh7 43. h3 Bf5 44. Qf3 Ra2 45. Qd5 Be6 46. Qf3 Ra5
47. Qf2 Ra2 48. Qf3 Bf8 49. Qf6 Rd2 50. Qf3 e4 51. Qf6 Rd5 52. Kh4 Rf5 53. Qd8
Rf3 0-1

[Event "V Torneo A Primavera Vomero"]
[Site "Napoli ITA"]
[Date "2008.05.08"]
[Round "6"]
[White "Cosenza, Gianni"]
[Black "Schiappoli, Dario"]
[Result "0-1"]
[WhiteElo "2018"]
[BlackElo "1931"]
[PlyCount "52"]
[EventDate "2008.03.27"]

1. e4 c5 2. Nf3 d6 3. d4 cxd4 4. Nxd4 Nf6 5. Nc3 a6 6. Be2 e5 7. Nb3 Be7 8. Be3
Qc7 9. O-O Nbd7 10. f3 b5 11. a3 Nb6 12. Nd2 d5 13. exd5 Nbxd5 14. Nxd5 Nxd5
15. Bf2 Nf4 16. Re1 O-O 17. Bd3 Be6 18. Ne4 Rfd8 19. Qd2 Rac8 20. Rac1 f5 21.
Ng3 g6 22. Qe3 Bg5 23. Qb6 Qxb6 24. Bxb6 Rd6 25. Be3 Nxd3 26. cxd3 Bxe3+ 0-1

[Event "V Torneo A Primavera Vomero"]
[Site "Napoli ITA"]
[Date "2008.05.08"]
[Round "6"]
[White "Della Ragione, Achille"]
[Black "Gallo, Thomas Renato"]
[Result "1-0"]
[WhiteElo "1996"]
[BlackElo "1885"]
[PlyCount "77"]
[EventDate "2008.03.27"]

1. c4 c6 2. Nf3 d5 3. e3 Nf6 4. Nc3 Bf5 5. b3 h6 6. Be2 e6 7. O-O Be7 8. Bb2
O-O 9. d4 Nbd7 10. Bd3 Ne4 11. Ne1 Nxc3 12. Bxc3 Bxd3 13. Nxd3 Rc8 14. f4 f5
15. Nf2 Nf6 16. Qd2 Qe8 17. c5 Qh5 18. Qd1 Qxd1 19. Rfxd1 b6 20. b4 b5 21. a4
a6 22. axb5 axb5 23. Ra7 Bd8 24. Rda1 Rf7 25. Ra8 Rfc7 26. Kf1 Kf7 27. Ke2 g5
28. Nd3 Nd7 29. Be1 g4 30. R1a7 Rxa8 31. Rxa8 Bf6 32. Nc1 h5 33. Nb3 Ke7 34.
Na5 Kf7 35. Ra6 Nb8 36. Rb6 Rc8 37. Rb7+ Kg6 38. Ra7 Bd8 39. Ra8 1-0

[Event "V Torneo A Primavera Vomero"]
[Site "Napoli ITA"]
[Date "2008.05.08"]
[Round "6"]
[White "Iodice, Fabio"]
[Black "Improta, Giovanni"]
[Result "1-0"]
[WhiteElo "1975"]
[BlackElo "1900"]
[PlyCount "49"]
[EventDate "2008.03.27"]

1. Nf3 d5 2. d4 Nf6 3. Bf4 Nh5 4. Bd2 Nc6 5. e3 Nf6 6. c4 e6 7. Nc3 Be7 8. Rc1
O-O 9. cxd5 exd5 10. Be2 Re8 11. O-O a6 12. a3 Bd6 13. Qb3 b5 14. Nxb5 axb5 15.
Rxc6 Bd7 16. Rc2 Rb8 17. Bb4 Bf5 18. Rcc1 Be4 19. Bxd6 Qxd6 20. Qc3 Rec8 21.
Qc6 Qe7 22. Ne5 Rb6 23. Qxb6 cxb6 24. Rxc8+ Ne8 25. Bxb5 1-0